000
00305nam a2200133Ia 4500
008
231129s1981||||xx |||||||||||||| ||spa||
040
_b
spa
082
_a
U813 S534c
100
_a
Shaw Irwin
245
0
_a
La cima de la colina
260
_c
1981
264
_a
Círculo de Lectores
942
_2
ddc
_c
BKS
999
_c
16631
_d
16631